[Event "CHN-chT Div A Finals"]
[Site "Nanjing"]
[Date "2023.12.02"]
[Round "1.1"]
[White "Wen, Yang"]
[Black "Liu, Qingnan"]
[Result "1/2-1/2"]
[WhiteElo "2574"]
[BlackElo "2545"]
[PlyCount "60"]
[EventDate "2023.12.02"]
[EventType "team-tourn"]
[EventRounds "10"]
[EventCountry "CHN"]
[SourceTitle "CB50_2023"]
[SourceDate "2023.12.13"]
[SourceVersion "1"]
[SourceVersionDate "2023.12.13"]
[SourceQuality "1"]
[WhiteTeam "Hangzhou Bank"]
[BlackTeam "Shandong"]
[WhiteTeamCountry "CHN"]
[BlackTeamCountry "CHN"]

1. Nf3 d5 2. g3 Nf6 3. Bg2 g6 4. 0-0 Bg7 5. d4 0-0 6. c4 c6 7. Nbd2 c5 8. b3 Ne4 9. Bb2 Nxd2 10. Qxd2 dxc4 11. bxc4 cxd4 12. Nxd4 Nc6 13. e3 Be6 14. Qe2 Nxd4 15. exd4 Rc8 16. d5 Bg4 17. Qxg4 Bxb2 18. Rab1 Ba3 19. Rxb7 Bc5 20. Qe2 Qd6 21. Rfb1 Rb8 22. Rxb8 Rxb8 23. Rb3 Rxb3 24. axb3 Kg7 25. Bf3 Qf6 26. Kg2 Qc3 27. Qd1 Qb2 28. Be2 Qf6 29. Bf3 Qb2 30. Be2 Qf6 1/2-1/2

[Event "CHN-chT DivA"]
[Site "Fuling"]
[Date "2023.06.16"]
[Round "10.1"]
[White "Nie, Xinyang"]
[Black "Wen, Yang"]
[Result "1/2-1/2"]
[WhiteElo "2222"]
[BlackElo "2581"]
[PlyCount "61"]
[EventDate "2023.06.05"]
[EventType "team-tourn"]
[EventRounds "11"]
[EventCountry "CHN"]
[SourceTitle "CBM 214 Extra"]
[Source "ChessBase"]
[SourceDate "2023.07.31"]
[SourceVersion "1"]
[SourceVersionDate "2023.07.31"]
[SourceQuality "1"]
[WhiteTeam "Chongqing Jiulongpo"]
[BlackTeam "Hangzhou Bank"]
[WhiteTeamCountry "CHN"]
[BlackTeamCountry "CHN"]

1. d4 Nf6 2. Nf3 d5 3. c4 e6 4. Nc3 Be7 5. Bg5 h6 6. Bxf6 Bxf6 7. e3 0-0 8. Rc1 dxc4 9. Bxc4 Nd7 10. 0-0 c5 11. Ne4 cxd4 12. Nxf6+ Nxf6 13. Qxd4 b6 14. Rfd1 Bb7 15. Ne5 Qxd4 16. Rxd4 Rac8 17. Rdd1 Rc5 18. Nd3 Rc7 19. f3 Rfc8 20. Bb3 Bd5 21. Rxc7 Rxc7 22. Bxd5 Nxd5 23. e4 Nf6 24. Rd2 Kf8 25. Kf2 Ke7 26. Ke3 g5 27. Rd1 Nd7 28. Rc1 Rxc1 29. Nxc1 Ne5 30. Nd3 Nxd3 31. Kxd3 1/2-1/2

[Event "CHN-chT DivA"]
[Site "Fuling"]
[Date "2023.06.07"]
[Round "3.3"]
[White "Wang, Shixu B"]
[Black "Wen, Yang"]
[Result "1/2-1/2"]
[WhiteElo "2413"]
[BlackElo "2581"]
[PlyCount "96"]
[EventDate "2023.06.05"]
[EventType "team-tourn"]
[EventRounds "11"]
[EventCountry "CHN"]
[SourceTitle "CBM 214 Extra"]
[Source "ChessBase"]
[SourceDate "2023.07.31"]
[SourceVersion "1"]
[SourceVersionDate "2023.07.31"]
[SourceQuality "1"]
[WhiteTeam "Tianjin"]
[BlackTeam "Hangzhou Bank"]
[WhiteTeamCountry "CHN"]
[BlackTeamCountry "CHN"]

1. d4 Nf6 2. c4 e6 3. Nf3 Bb4+ 4. Bd2 Qe7 5. e3 b6 6. Bd3 Bb7 7. 0-0 0-0 8. Nc3 c5 9. Re1 Bxc3 10. Bxc3 Ne4 11. Bxe4 Bxe4 12. Nd2 Bb7 13. e4 cxd4 14. Bxd4 Nc6 15. Bc3 Rad8 16. Qe2 Qg5 17. Qe3 Qg6 18. Qg3 d6 19. Rad1 Rd7 20. Nf3 Rfd8 21. Qxg6 hxg6 22. h4 e5 23. b3 f6 24. Re3 Kf7 25. Kf1 Ke6 26. Ne1 Rh8 27. g3 Ne7 28. Nd3 a5 29. f3 Rdd8 30. a4 g5 31. hxg5 Rh1+ 32. Ke2 Rxd1 33. Kxd1 f5 34. Re2 fxe4 35. fxe4 Nc6 36. Rh2 Nb8 37. Rh4 Nd7 38. Ke2 Kf7 39. Ke3 Kg6 40. Rh1 Kxg5 41. Rd1 Re8 42. Bb2 Re6 43. Ba3 Kf6 44. Nf2 Ke7 45. Rh1 Rg6 46. Kf3 Rf6+ 47. Ke2 Rg6 48. Kf3 Rf6+ 1/2-1/2

[Event "Shaoxing Hua Yi Rapid Cup 2nd"]
[Site "Shaoxing"]
[Date "2023.05.29"]
[Round "1.1"]
[White "Wen, Yang"]
[Black "Lou, Yiping"]
[Result "0-1"]
[WhiteElo "2581"]
[BlackElo "2492"]
[PlyCount "91"]
[EventDate "2023.05.29"]
[EventType "k.o. (rapid)"]
[EventRounds "5"]
[EventCountry "CHN"]
[SourceTitle "CBM 214 Extra"]
[Source "ChessBase"]
[SourceDate "2023.07.31"]
[SourceVersion "1"]
[SourceVersionDate "2023.07.31"]
[SourceQuality "1"]

1. d4 Nf6 2. Bg5 e6 3. Nd2 h6 4. Bh4 d5 5. e3 c5 6. c3 Bd6 7. Ngf3 0-0 8. Bd3 Nbd7 9. 0-0 b6 10. e4 cxd4 11. exd5 dxc3 12. Ne4 cxb2 13. Rb1 Bc5 14. dxe6 fxe6 15. Qe2 Be7 16. Nxf6+ Nxf6 17. Rfd1 Nd5 18. Qe4 Bxh4 19. Qh7+ Kf7 20. Qg6+ Kg8 21. Qh7+ Kf7 22. Bg6+ Kf6 23. Bh5 Bg5 24. Qg6+ Ke7 25. Qxg7+ Kd6 26. Qe5+ Kc6 27. Nd4+ Kb7 28. Nxe6 Bxe6 29. Qxe6 Rc8 30. Rxb2 Rc5 31. Bf3 Rxf3 32. gxf3 Qf6 33. Qd7+ Nc7 34. Rb3 Bf4 35. Qd3 Re5 36. Rc3 Qg7+ 37. Kh1 Qe7 38. Qc4 Rc5 39. Qd4 Rxc3 40. Qxc3 Qh4 41. Kg2 Qxh2+ 42. Kf1 Qh3+ 43. Ke2 Qe6+ 44. Kf1 Qe5 45. Qc2 h5 46. Qe4+ 0-1

[Event "CHN-chT"]
[Site "Nanjing"]
[Date "2023.02.21"]
[Round "8.2"]
[White "Wen, Yang"]
[Black "Li, Di"]
[Result "1/2-1/2"]
[WhiteElo "2585"]
[BlackElo "2546"]
[PlyCount "61"]
[EventDate "2023.02.14"]
[EventType "team-swiss"]
[EventRounds "9"]
[EventCountry "CHN"]
[SourceTitle "CBM 212 Extra"]
[Source "ChessBase"]
[SourceDate "2023.03.31"]
[SourceVersion "1"]
[SourceVersionDate "2023.03.31"]
[SourceQuality "1"]
[WhiteTeam "Shandong"]
[BlackTeam "Chengdu"]
[WhiteTeamCountry "CHN"]
[BlackTeamCountry "CHN"]

1. e4 e5 2. Nf3 Nc6 3. Bb5 Nf6 4. 0-0 Nxe4 5. Re1 Nd6 6. Nxe5 Be7 7. Bf1 Nxe5 8. Rxe5 0-0 9. d4 Bf6 10. Re1 Re8 11. c3 Rxe1 12. Qxe1 Ne8 13. Bf4 d5 14. Bd3 g6 15. Nd2 Ng7 16. Qe2 c6 17. Re1 Bf5 18. Bxf5 Nxf5 19. Nf3 Ng7 20. Be5 Ne6 21. Bxf6 Qxf6 22. Ne5 Re8 23. Ng4 Qd8 24. Qe5 Ng7 25. Qxe8+ Nxe8 26. Rxe8+ Qxe8 27. Nf6+ Kf8 28. Nxe8 Kxe8 29. f4 f5 30. Kf2 Ke7 31. Ke2 1/2-1/2

[Event "CHN-chT Div A KO"]
[Site "Liaocheng"]
[Date "2023.02.08"]
[Round "3.1"]
[White "Bai, Jinshi"]
[Black "Wen, Yang"]
[Result "1/2-1/2"]
[WhiteElo "2566"]
[BlackElo "2585"]
[PlyCount "60"]
[EventDate "2023.02.06"]
[EventType "team-k.o."]
[EventRounds "6"]
[EventCountry "CHN"]
[SourceTitle "CBM 212 Extra"]
[Source "ChessBase"]
[SourceDate "2023.03.31"]
[SourceVersion "1"]
[SourceVersionDate "2023.03.31"]
[SourceQuality "1"]
[WhiteTeam "Hangzhou Bank"]
[BlackTeam "Shenzhen"]
[WhiteTeamCountry "CHN"]
[BlackTeamCountry "CHN"]

1. d4 Nf6 2. c4 e6 3. Nf3 d5 4. Nc3 c5 5. e3 Nc6 6. cxd5 exd5 7. Bb5 cxd4 8. exd4 Bd6 9. 0-0 0-0 10. h3 h6 11. Re1 Bf5 12. Ne5 Rc8 13. Bf4 Re8 14. Qd2 Bxe5 15. dxe5 Ne4 16. Qxd5 Nxc3 17. Qxd8 Rexd8 18. bxc3 Ne7 19. Be3 a6 20. Bf1 Rxc3 21. Rac1 Rdc8 22. Rxc3 Rxc3 23. Rc1 Nd5 24. Bd2 Rxc1 25. Bxc1 Nb4 26. a3 Nd3 27. g4 Be4 28. Bxd3 Bxd3 29. f4 g6 30. Kf2 Kf8 1/2-1/2

[Event "CHN-chT Div-A"]
[Site "Fuling"]
[Date "2022.09.15"]
[Round "8.5"]
[White "Wen, Yang"]
[Black "Zeng, Chongsheng"]
[Result "1/2-1/2"]
[WhiteElo "2588"]
[BlackElo "2597"]
[PlyCount "60"]
[EventDate "2022.09.06"]
[EventType "team-tourn"]
[EventRounds "11"]
[EventCountry "CHN"]
[SourceTitle "CBM 210 Extra"]
[Source "ChessBase"]
[SourceDate "2022.11.30"]
[SourceVersion "1"]
[SourceVersionDate "2022.11.30"]
[SourceQuality "1"]
[WhiteTeam "Shenzhen"]
[BlackTeam "Chongqing Ticai"]
[WhiteTeamCountry "CHN"]
[BlackTeamCountry "CHN"]

1. Nf3 d5 2. g3 g6 3. Bg2 Bg7 4. d4 Nf6 5. 0-0 0-0 6. c4 dxc4 7. Na3 c3 8. bxc3 c5 9. Nc4 Nc6 10. Nce5 Nxe5 11. Nxe5 cxd4 12. cxd4 Ng4 13. Nxg4 Bxg4 14. Rb1 Bxd4 15. Bh6 Bg7 16. Qxd8 Raxd8 17. Bxg7 Kxg7 18. Rxb7 Rd7 19. Rxd7 Bxd7 20. Rd1 Be6 21. Rd3 Bxa2 22. Ra3 Bc4 23. Rxa7 Bxe2 24. Rxe7 Bc4 25. Re4 Bd5 26. Rd4 Bxg2 27. Kxg2 h5 28. h4 Rh8 29. Ra4 Rg8 30. Rb4 Rh8 1/2-1/2

[Event "CHN-chT Div-A Rapid"]
[Site "Fuling"]
[Date "2022.09.07"]
[Round "2.5"]
[White "Wen, Yang"]
[Black "Li, Di"]
[Result "1/2-1/2"]
[WhiteElo "2588"]
[BlackElo "2575"]
[PlyCount "46"]
[EventDate "2022.09.06"]
[EventType "team-tourn (rapid)"]
[EventRounds "11"]
[EventCountry "CHN"]
[SourceTitle "CBM 210 Extra"]
[Source "ChessBase"]
[SourceDate "2022.11.30"]
[SourceVersion "1"]
[SourceVersionDate "2022.11.30"]
[SourceQuality "1"]
[WhiteTeam "Shenzhen"]
[BlackTeam "Chengdu"]
[WhiteTeamCountry "CHN"]
[BlackTeamCountry "CHN"]

1. d4 Nf6 2. Nf3 d5 3. c4 e6 4. Nc3 Bb4 5. Bg5 h6 6. Bxf6 Qxf6 7. e3 0-0 8. Rc1 dxc4 9. Bxc4 c5 10. 0-0 cxd4 11. Nxd4 Bd7 12. Qb3 Nc6 13. Nxc6 Bxc3 14. Qxb7 Bxc6 15. Qxc6 Bxb2 16. Rc2 Rfc8 17. Qe4 Qe5 18. Qxe5 Bxe5 19. g3 Rc5 20. Rfc1 Rac8 21. Bb3 Rxc2 22. Rxc2 Rxc2 23. Bxc2 g5 1/2-1/2

[Event "CHN-chT Div-A"]
[Site "Fuling"]
[Date "2022.09.06"]
[Round "1.3"]
[White "Wen, Yang"]
[Black "Zhao, Jun"]
[Result "1/2-1/2"]
[WhiteElo "2588"]
[BlackElo "2619"]
[PlyCount "60"]
[EventDate "2022.09.06"]
[EventType "team-tourn"]
[EventRounds "11"]
[EventCountry "CHN"]
[SourceTitle "CBM 210 Extra"]
[Source "ChessBase"]
[SourceDate "2022.11.30"]
[SourceVersion "1"]
[SourceVersionDate "2022.11.30"]
[SourceQuality "1"]
[WhiteTeam "Shenzhen"]
[BlackTeam "Shandong"]
[WhiteTeamCountry "CHN"]
[BlackTeamCountry "CHN"]

1. Nf3 Nf6 2. c4 e6 3. Nc3 d5 4. d4 Be7 5. Bg5 0-0 6. e3 Nbd7 7. Rc1 h6 8. Bh4 c5 9. cxd5 Nxd5 10. Bxe7 Nxe7 11. Be2 b6 12. 0-0 Bb7 13. a3 cxd4 14. Nxd4 Nf6 15. Bf3 Rb8 16. Bxb7 Rxb7 17. Qf3 Rd7 18. Rfd1 Qa8 19. Qxa8 Rxa8 20. Kf1 Rad8 21. Ke2 Kf8 22. Nf3 Rxd1 23. Rxd1 Rxd1 24. Kxd1 Nc6 25. Ke2 Ke7 26. Nd4 Nxd4+ 27. exd4 Nd5 28. Nxd5+ exd5 29. f4 f5 30. h4 h5 1/2-1/2

[Event "CHN-chT"]
[Site "Liaocheng"]
[Date "2021.10.21"]
[Round "2.2"]
[White "Wen, Yang"]
[Black "Xu, Xiangyu"]
[Result "1/2-1/2"]
[WhiteElo "2594"]
[BlackElo "2569"]
[PlyCount "60"]
[EventDate "2021.10.20"]
[EventType "team-swiss"]
[EventRounds "9"]
[EventCountry "CHN"]
[SourceTitle "CBM 204 Extra"]
[Source "ChessBase"]
[SourceDate "2021.11.30"]
[SourceVersion "1"]
[SourceVersionDate "2021.11.30"]
[SourceQuality "1"]
[WhiteTeam "Shandong"]
[BlackTeam "Chengdu"]
[WhiteTeamCountry "CHN"]
[BlackTeamCountry "CHN"]

1. d4 Nf6 2. c4 e6 3. Nf3 d5 4. g3 dxc4 5. Bg2 a6 6. Ne5 Bb4+ 7. Nc3 Nd5 8. 0-0 Nxc3 9. bxc3 Bxc3 10. Rb1 Qxd4 11. Qa4+ b5 12. Qa3 Qxe5 13. Bf4 Qf6 14. Bxc7 b4 15. Rxb4 Bxb4 16. Qxb4 a5 17. Qb5+ Bd7 18. Qxc4 Na6 19. Bxa8 Nxc7 20. Qxc7 Qd8 21. Qa7 0-0 22. Bf3 Ba4 23. Rc1 Qd2 24. Rc5 Qxa2 25. Qxa5 Bb3 26. Qxa2 Bxa2 27. Ra5 Bb3 28. Ra8 Rxa8 29. Bxa8 Kf8 30. f4 Ke7 1/2-1/2

[Event "CHN-ch"]
[Site "Xinghua"]
[Date "2020.12.28"]
[Round "9"]
[White "Wen, Yang"]
[Black "Bai, Jinshi"]
[Result "1/2-1/2"]
[WhiteElo "2594"]
[BlackElo "2618"]
[PlyCount "60"]
[EventDate "2020.12.19"]
[EventType "tourn"]
[EventRounds "11"]
[EventCountry "CHN"]
[EventCategory "11"]
[SourceTitle "CBM 199 Extra"]
[Source "ChessBase"]
[SourceDate "2021.01.31"]
[SourceVersion "1"]
[SourceVersionDate "2021.01.31"]
[SourceQuality "1"]

1. d4 d5 2. Nf3 Nf6 3. Bf4 Bf5 4. c4 e6 5. Qb3 Bd6 6. Bg5 dxc4 7. Qxc4 Nbd7 8. Nc3 h6 9. Bh4 Be7 10. e3 0-0 11. Be2 c5 12. 0-0 Ne4 13. Bxe7 Qxe7 14. Rac1 cxd4 15. Qxd4 Ndf6 16. Qe5 Rac8 17. Nd4 Nxc3 18. Rxc3 Be4 19. Rfc1 Rxc3 20. Rxc3 Qb4 21. Qb5 Qxb5 22. Bxb5 a6 23. Be2 Bd5 24. a3 Rd8 25. f3 e5 26. Nb3 Bxb3 27. Rxb3 Rd7 28. Kf1 Kf8 29. f4 exf4 30. exf4 Ne4 1/2-1/2

[Event "CHN-ch"]
[Site "Xinghua"]
[Date "2020.12.24"]
[Round "6"]
[White "Ju, Wenjun"]
[Black "Wen, Yang"]
[Result "1-0"]
[WhiteElo "2560"]
[BlackElo "2594"]
[PlyCount "75"]
[EventDate "2020.12.19"]
[EventType "tourn"]
[EventRounds "11"]
[EventCountry "CHN"]
[EventCategory "11"]
[SourceTitle "CBM 199 Extra"]
[Source "ChessBase"]
[SourceDate "2021.01.31"]
[SourceVersion "1"]
[SourceVersionDate "2021.01.31"]
[SourceQuality "1"]

1. d4 d5 2. c4 e6 3. Nf3 Nf6 4. Nc3 c6 5. e3 Nbd7 6. Qc2 b6 7. Be2 Bb7 8. 0-0 Bd6 9. Rd1 0-0 10. e4 Nxe4 11. Nxe4 dxe4 12. Qxe4 Qc7 13. Bd3 g6 14. Qh4 Rfe8 15. Ng5 Nf6 16. c5 bxc5 17. dxc5 Bxc5 18. Bf4 e5 19. Be3 Bxe3 20. fxe3 Qb6 21. Bc4 Qxe3+ 22. Kh1 Kg7 23. Rf1 Qd4 24. Ne4 Qxe4 25. Qxf6+ Kh6 26. Bxf7 Rf8 27. Rae1 Qg4 28. Re3 c5 29. Rg3 Qh5 30. Kg1 Bc8 31. Rff3 e4 32. Rh3 Bxh3 33. Rxh3 Qxh3 34. gxh3 Rad8 35. Qe7 Rd1+ 36. Kf2 Rfd8 37. Bc4 R8d2+ 38. Ke3 1-0

[Event "CHN-ch"]
[Site "Xinghua"]
[Date "2020.12.23"]
[Round "5"]
[White "Wen, Yang"]
[Black "Zhang, Rui"]
[Result "1-0"]
[WhiteElo "2594"]
[BlackElo "1658"]
[PlyCount "97"]
[EventDate "2020.12.19"]
[EventType "tourn"]
[EventRounds "11"]
[EventCountry "CHN"]
[EventCategory "11"]
[SourceTitle "CBM 199 Extra"]
[Source "ChessBase"]
[SourceDate "2021.01.31"]
[SourceVersion "1"]
[SourceVersionDate "2021.01.31"]
[SourceQuality "1"]

1. d4 d5 2. Nf3 Nf6 3. Bf4 e6 4. Nbd2 Bd6 5. Bg5 h6 6. Bxf6 Qxf6 7. e4 dxe4 8. Nxe4 Qe7 9. Bd3 Nd7 10. Qe2 Nf6 11. Ne5 Bxe5 12. dxe5 Nd5 13. 0-0 Bd7 14. f4 0-0-0 15. Qf2 Kb8 16. a3 f5 17. exf6 Nxf6 18. Rae1 Bc6 19. Qc5 Qd7 20. Nd2 Qd5 21. Qxd5 exd5 22. Nf3 Ne4 23. Ne5 Rhe8 24. h4 Re6 25. Re3 a6 26. h5 Ka7 27. Rfe1 Rf8 28. Ng6 Rfe8 29. g4 Nc5 30. Ne5 Nxd3 31. cxd3 Rf8 32. f5 Rd6 33. d4 Bb5 34. Ng6 Rg8 35. Re6 Rxe6 36. Rxe6 c5 37. dxc5 d4 38. Rd6 Rc8 39. b4 d3 40. Nf4 Re8 41. Ne6 Bc4 42. Kf2 Re7 43. Ke3 Bb5 44. Kd2 Rf7 45. Nd4 Ba4 46. Kxd3 Bd1 47. Rg6 Rd7 48. Ke3 Re7+ 49. Ne6 1-0

[Event "CHN-ch"]
[Site "Xinghua"]
[Date "2020.12.21"]
[Round "3"]
[White "Yu, Yangyi"]
[Black "Wen, Yang"]
[Result "1-0"]
[WhiteElo "2709"]
[BlackElo "2594"]
[PlyCount "69"]
[EventDate "2020.12.19"]
[EventType "tourn"]
[EventRounds "11"]
[EventCountry "CHN"]
[EventCategory "11"]
[SourceTitle "CBM 199 Extra"]
[Source "ChessBase"]
[SourceDate "2021.01.31"]
[SourceVersion "1"]
[SourceVersionDate "2021.01.31"]
[SourceQuality "1"]

1. c4 e6 2. g3 Nf6 3. Bg2 d5 4. Nf3 d4 5. d3 c5 6. e4 Nc6 7. e5 Nd7 8. Qe2 Be7 9. h4 b6 10. Bf4 Bb7 11. Nbd2 Nf8 12. h5 g5 13. hxg6 Nxg6 14. Rh5 Qc7 15. 0-0-0 0-0-0 16. Ne4 Nxf4 17. gxf4 b5 18. Nfd2 Ba6 19. Kb1 bxc4 20. Nxc4 Bxc4 21. dxc4 d3 22. Rxd3 Rxd3 23. Qxd3 Rd8 24. Qb3 Nd4 25. Qa4 Rg8 26. Ng3 Rg4 27. Rxh7 Rxf4 28. Rh8+ Bd8 29. Ne4 Rxe4 30. Bxe4 Qxe5 31. Qa6+ Kd7 32. Qxa7+ Bc7 33. Qa8 Qg5 34. Qe8+ Kd6 35. Qf8+ 1-0

[Event "PRO League Stage"]
[Site "Chess.com INT"]
[Date "2020.02.17"]
[Round "7"]
[White "Wen, Yang"]
[Black "Plenca, Jadranko"]
[Result "1-0"]
[WhiteElo "2594"]
[BlackElo "2463"]
[PlyCount "75"]
[EventDate "2020.01.06"]
[EventType "team-swiss (rapid)"]
[EventRounds "7"]
[EventCountry "USA"]
[SourceTitle "CBM 194 Extra"]
[Source "ChessBase"]
[SourceDate "2020.03.31"]
[SourceVersion "1"]
[SourceVersionDate "2020.03.31"]
[SourceQuality "1"]
[WhiteTeam "China Pandas"]
[BlackTeam "Croatia Bulldogs"]
[WhiteTeamCountry "CHN"]
[BlackTeamCountry "CRO"]

1. e4 e5 2. Nf3 Nc6 3. Nc3 Nf6 4. Bb5 Bd6 5. d3 h6 6. a3 a6 7. Bc4 Bc5 8. Be3 d6 9. 0-0 Bg4 10. Nd5 Nxd5 11. Bxd5 Bxe3 12. fxe3 0-0 13. Qe1 Be6 14. Bxe6 fxe6 15. Qg3 Qd7 16. Rf2 Rf7 17. Raf1 Raf8 18. Qg4 b5 19. Qh5 Rf6 20. g4 Qf7 21. Qh3 Qg6 22. Qg3 d5 23. exd5 exd5 24. Nh4 Qg5 25. Nf5 h5 26. h4 Qxg4 27. Nh6+ Rxh6 28. Rxf8+ Kh7 29. Qxg4 hxg4 30. R1f7 e4 31. d4 Na5 32. b3 Rc6 33. Rd7 Rxc2 34. Rff7 Nxb3 35. Rxg7+ Kh6 36. Rh7+ Kg6 37. Rdg7+ Kf6 38. h5 1-0

[Event "PRO League Stage"]
[Site "Chess.com INT"]
[Date "2020.01.13"]
[Round "2"]
[White "Chigaev, Maksim"]
[Black "Wen, Yang"]
[Result "0-1"]
[WhiteElo "2616"]
[BlackElo "2594"]
[PlyCount "114"]
[EventDate "2020.01.06"]
[EventType "team-swiss (rapid)"]
[EventRounds "7"]
[EventCountry "USA"]
[SourceTitle "CBM 194 Extra"]
[Source "ChessBase"]
[SourceDate "2020.03.31"]
[SourceVersion "1"]
[SourceVersionDate "2020.03.31"]
[SourceQuality "1"]
[WhiteTeam "Armenia Eagles"]
[BlackTeam "China Pandas"]
[WhiteTeamCountry "ARM"]
[BlackTeamCountry "CHN"]

1. e4 e5 2. Nf3 Nc6 3. Bc4 Bc5 4. c3 Nf6 5. d3 d6 6. 0-0 0-0 7. Re1 Ne7 8. Nbd2 Ng6 9. Nf1 c6 10. Bb3 Bb6 11. Ng3 h6 12. h3 d5 13. exd5 Nxd5 14. Nh5 Re8 15. Qd2 Bf5 16. Nxg7 Kxg7 17. Qxh6+ Kg8 18. Ng5 Nf8 19. Be3 Bg6 20. Rad1 Qf6 21. Bxb6 axb6 22. Nf3 Nd7 23. d4 exd4 24. Rxe8+ Rxe8 25. Rxd4 Ne5 26. Bxd5 cxd5 27. Nh4 Rd8 28. Rf4 Qg7 29. Qg5 Re8 30. Rd4 Be4 31. Qxg7+ Kxg7 32. f3 Bb1 33. Rxd5 Bxa2 34. Rb5 Nd7 35. Nf5+ Kf6 36. Nd6 Rb8 37. h4 Ke6 38. Ne4 f6 39. h5 Bd5 40. Nf2 Bc6 41. Rb4 Rh8 42. Nh3 b5 43. Kf2 Ne5 44. Rh4 Nd3+ 45. Ke3 Nxb2 46. g4 Nc4+ 47. Kf4 Ne5 48. Ng1 Ng6+ 49. hxg6 Rxh4 50. Ne2 Rh6 51. Nd4+ Kd7 52. Kf5 Ke7 53. Nxc6+ bxc6 54. f4 Rh1 55. g5 fxg5 56. Kxg5 Rg1+ 57. Kf5 c5 0-1